000 00823nam a22002897a 4500
003 CHAP
005 20220329135532.0
008 971013s1963 r 00010 d
010 _a38145
011 _a39117
035 _a43237
040 _cCHAP
082 _a636.2
_bQ8 1963
100 0 0 _aQuittet, E.
_993549
245 _aRaces bovines francaises
250 _a2 ed.
260 _aParis :
_bLa Maison Rustique,
_c1963
300 _a78 p.
_b: ilus
490 _aLes races d'animaux domestiques
590 _aBATCH-UPD
_b10
_c20130110
_lUCH01
_h2159
590 _aCONVERSION
_b10
_c20130109
_lUCH01
_h1321
650 1 4 _aGanado vacuno
_xFrancia.
_945469
830 0 _aLes races d'animaux domestiques
_966331
901 _aBK
942 _cLIBRO
949 _a636.2 Q8 1963
_bBC
_cLIBRO
_d33724000097028
_eLIBRO
_i43237
_si
999 _c38145
_d38145